000 00820nam a2200217 i 4500
001 bg
100 1 _aHerbichowa, Maria
_d(1942- ).
245 1 0 _aEkologiczne studium rozwoju torfowisk wysokich właściwych na przykładzie wybranych obiektów z środkowej części pobrzeża bałtyckiego /
_cMaria Herbichowa.
260 _aGdańsk :
_bWydaw. Uniwersytetu Gdańskiego,
_c1998.
300 _a118, [1] s., [8] k. tabl. złoż. luz. :
_bmapy, wykr. ;
_c24 cm.
504 _aBibliogr. s. 110-[119].
650 9 _aTorfowisko
_xekologia
_zPolska
651 9 _aBałtyk (wybrzeże)
_xgeografia fizyczna
_xzagadnienia
_zPolska
020 _a8370178162
040 _cBPK
041 0 _apl
080 _a551.43(261.24):574:913(438):911.2
920 _a83-7017-816-2
942 _cKS
008 s pl f |000 0 pol
999 _c33842
_d33842
856 _uhttp://koha.tu.koszalin.pl/cgi-bin/koha/opac-detail.pl?biblionumber=33842
_yKatalog online BPK